Регионална библиотека "Любен Каравелов" - Русе

Тристишия за поданици (Запис номер 50525)

MARC детайли
000 -Лидер
Контролно поле с фиксирана дължина 01017nam a2200277 c 4500
003 - Код на организацията, давaща контролен номер
Контролно поле BLK
005 - Дата и час на последна редакция
Контролно поле 20180422101507.0
008 - Елементи от данни с фиксирана дължина
fixed length control field 180408b bul|||||r ||||||| ||bul||
010 ## - Наследен системен номер
LC control number KNG00054396000
020 ## - Международен стандартен номер на книга ISBN
Международен стандартен номер на книга ISBN 954-91247-9-7
-- издат.: Александрова дизайн
040 ## - Източник на каталожния запис
Идентификатор на билиотеката - собственик на записа BLK
041 ## - Код за език
Код за езика на текст/звукозапис или на отделно заглавие Български
Код за езика КДБФ Български
080 ## - УДК
Текстов определител УДК Българска литература
УДК код - определител по УДК 821.163.2
УДК определител -17
УДК - код + определител 821.163.2-17
100 1# - Редна дума - Автор
Автор Такев, Лозан Александров
Авторска отговорност първи автор
R(LIN) 368489
139 ## - Редно поле
Редна дума Такев, Лозан Александров
Авторски знак Так - Т 21
245 10 - Сведения за заглавието
Заглавие Тристишия за поданици
Подзаглавни данни Ха-ха-хайку-ку
Редно поле (дума) Лозан Александров Такев.
257 ## - Страна на издаване
Страна на създаване/издаване България
260 ## - Област на издателските данни
-- София
Име на издателя, разпространителя и проч. Александрова дизайн
Година на издаване 2004
Печатница София : Болид
300 ## - Физическа характеристика
Страници 96 с.
Размери/Мащаб 22 см
380 ## - Жанр
Жанр Худож. лит.
852 ## - Местоположение
Форматна сигнатура Цб 224143
856 4# - Електронен адрес и достъп
Електронен формат pdf - файл
Път до файла /url/
856 4# - Електронен адрес и достъп
Електронен формат pdf - файл
Път до файла /url/
942 ## - АРТИКУЛИ
Вид на библиотечния материал Книги
Скрит в OPAC Не
944 ## - СЪЗДАВАНЕ И РЕДАКЦИЯ на ЗАПИСА
Създаване/Редакция Създаване
Дата на регистрацията/редакция 15.06.2005
Служител, извършил регистрацията/редакцията Цветанка_Енчева
944 ## - СЪЗДАВАНЕ И РЕДАКЦИЯ на ЗАПИСА
Създаване/Редакция Редакция
Дата на регистрацията/редакция 01.07.2005
Служител, извършил регистрацията/редакцията
999 ## - СИСТЕМНИ КОНТРОЛНИ НОМЕРА
Koha biblionumber 50525
Koha biblioitemnumber 50525
Наличности
Код за отписване Код за изгубен артикул Код за повреда Коз за рестрикции Код за отдаване Артикулен № Име на библиотеката - собственик Име на библиотеката, в която се намира в момента Статус (Текущо местоположение) Дата на вписване в системата Местоположение - отдел Цена в лева Инвентарен номер Систематично азбучна сигнатура Баркод Номер на екземпляра Цена в евро Служебна бележка Служебен тип на артикула
  Не е изгубен Не е повреден без рестрикции ползва се в читалня 78968 Регионална библиотека "Любен Каравелов" Русе Регионална библиотека "Любен Каравелов" Русе Хранилище 2005-06-15 Хранилище 0.00 120000694923 Цб 224143 120000694923 1 0.00 Дост: Dp Вид: Д N: 31 Дата: 21.07.2004 Книги
Vip Innovations Ltd, Rousse, Bulgaria 2025